[Event "IECG QN.2004.0.00311 email"]
[Site "IECG email"]
[Date "2004.02.15"]
[Round "?"]
[White "Simoni, William"]
[Black "Norton, Brian"]
[Result "1-0"]
[WhiteElo "962"]
[BlackElo "600"]
[PlyCount "61"]
[EventDate "2004.02.15"]
[EventType "tourn (corr)"]
[EventRounds "6"]
[SourceTitle "Corr 2008"]
[Source "ChessBase"]
[SourceDate "2008.06.24"]
[SourceVersion "1"]
[SourceVersionDate "2008.06.24"]
[SourceQuality "1"]

1. e4 e6 2. d4 d5 3. Nc3 Nf6 4. Bg5 Be7 5. e5 Nfd7 6. Bxe7 Qxe7 7. f4 0-0 8. Nf3 c5 9. Qd2 cxd4 10. Nxd4 f6 11. 0-0-0 fxe5 12. fxe5 Nxe5 13. Bb5 Nbc6 14. Rhe1 Ng4 15. Nxd5 Qd6 16. Nxe6 Bxe6 17. Nf6+ Rxf6 18. Qxd6 Bxa2 19. Qd7 Nge5 20. Qxb7 Rb8 21. Bxc6 Rxb7 22. Bxb7 Ng4 23. b3 Nxh2 24. Bd5+ Kf8 25. Rh1 Rh6 26. g3 a5 27. Rd2 Ng4 28. Rxh6 Nxh6 29. Kb2 Bxb3 30. Kxb3 Nf5 31. Rf2 1-0

[Event "IECG QN.2002.0.00234"]
[Site "IECG email"]
[Date "2002.08.03"]
[Round "?"]
[White "Levi, Nitai"]
[Black "Simoni, William"]
[Result "0-1"]
[WhiteElo "800"]
[BlackElo "941"]
[PlyCount "38"]
[EventDate "2002.08.03"]
[EventType "tourn (corr)"]
[EventRounds "6"]
[SourceTitle "Corr 2008"]
[Source "ChessBase"]
[SourceDate "2008.06.24"]
[SourceVersion "1"]
[SourceVersionDate "2008.06.24"]
[SourceQuality "1"]

1. e4 e5 2. Nf3 Nc6 3. Bb5 a6 4. Bxc6 dxc6 5. 0-0 Bg4 6. h3 h5 7. d3 Qf6 8. Be3 Bxf3 9. Qxf3 Qxf3 10. gxf3 Bd6 11. Nd2 Ne7 12. Nc4 Ng6 13. c3 0-0-0 14. d4 exd4 15. cxd4 Rhe8 16. Rfd1 Nh4 17. Nxd6+ Rxd6 18. Kf1 Nxf3 19. Ke2 Rf6 0-1

[Event "IECG QN.2002.0.00219"]
[Site "IECG email"]
[Date "2002.04.07"]
[Round "?"]
[White "Marples, Carl"]
[Black "Simoni, William"]
[Result "0-1"]
[WhiteElo "800"]
[BlackElo "800"]
[PlyCount "52"]
[EventDate "2002.04.07"]
[EventType "tourn (corr)"]
[EventRounds "6"]
[SourceTitle "Corr 2008"]
[Source "ChessBase"]
[SourceDate "2008.06.24"]
[SourceVersion "1"]
[SourceVersionDate "2008.06.24"]
[SourceQuality "1"]

1. e4 e5 2. Nc3 Nf6 3. Nf3 Nc6 4. Bc4 Bb4 5. Ng5 0-0 6. d3 Na5 7. 0-0 Nxc4 8. dxc4 Bxc3 9. bxc3 h6 10. f3 hxg5 11. Bxg5 d6 12. Qe1 Be6 13. c5 Bc4 14. Rf2 dxc5 15. f4 Re8 16. Rd2 Qe7 17. Rad1 exf4 18. Rd7 Qxe4 19. Qxe4 Nxe4 20. Be7 Nxc3 21. Rf1 Bb5 22. Rxc7 Bxf1 23. Kxf1 Nd5 24. Rxb7 Nxe7 25. Rb3 Rad8 26. Ra3 Nf5 0-1

[Event "IECG QN.2002.0.00208"]
[Site "IECG email"]
[Date "2002.01.13"]
[Round "?"]
[White "Crowther, Pete"]
[Black "Simoni, William"]
[Result "1/2-1/2"]
[WhiteElo "575"]
[BlackElo "800"]
[PlyCount "37"]
[EventDate "2002.01.13"]
[EventType "tourn (corr)"]
[EventRounds "6"]
[SourceTitle "Corr 2008"]
[Source "ChessBase"]
[SourceDate "2008.06.24"]
[SourceVersion "1"]
[SourceVersionDate "2008.06.24"]
[SourceQuality "1"]

1. d4 d5 2. c4 e6 3. Nc3 Nf6 4. Nf3 Bb4 5. cxd5 exd5 6. Bg5 h6 7. Bxf6 Qxf6 8. a3 Bxc3+ 9. bxc3 0-0 10. e3 Bg4 11. Be2 Nd7 12. Ne5 Bxe2 13. Nxd7 Qc6 14. Nf6+ Qxf6 15. Qxe2 c5 16. Qb5 b6 17. 0-0 a6 18. Qd7 Qe6 19. Qxe6 1/2-1/2